000
00276nam a2200121Ia 4500
008
220204s9999 xx 000 0 und d
082
_a
624
_b
KHU
100
_a
Khurmi, R S
245
0
_a
Theory of structures
250
_a
3
260
_a
New Delhi
_b
S Chand
_c
1977
942
_c
BK
999
_c
26698
_d
26698